[Event "Istanbul ol (Men) 40th"]
[Site "Istanbul"]
[Date "2012.09.06"]
[Round "9.2"]
[White "Cubas, Jose Fernando"]
[Black "Vera Siguenas, Deivy Anthoni"]
[Result "1-0"]
[WhiteElo "2507"]
[BlackElo "2359"]
[PlyCount "79"]
[EventDate "2012.08.28"]
[EventType "team-swiss"]
[EventRounds "11"]
[EventCountry "TUR"]
[SourceTitle "CBM 151"]
[Source "ChessBase"]
[SourceDate "2012.11.13"]
[SourceVersion "1"]
[SourceVersionDate "2012.11.13"]
[SourceQuality "1"]
[WhiteTeam "Paraguay"]
[BlackTeam "Peru"]
[WhiteTeamCountry "PAR"]
[BlackTeamCountry "PER"]

1. e4 c5 2. Nc3 Nc6 3. g3 g6 4. Bg2 Bg7 5. d3 d6 6. Be3 e6 7. Qd2 Nge7 8. Bh6
Bxh6 9. Qxh6 Qb6 10. Rb1 Nd4 11. Qd2 e5 12. a3 Be6 13. h4 O-O-O 14. Nf3 f5 15.
b4 c4 16. Nxd4 Qxd4 17. O-O Kb8 18. a4 cxd3 19. Nb5 Qb6 20. Qxd3 fxe4 21. Bxe4
d5 22. Qc3 Nc6 23. Bd3 Rc8 24. Qb2 Rhf8 25. a5 Qd8 26. Nxa7 Kxa7 27. b5 Nd4 28.
b6+ Kb8 29. a6 Nf3+ 30. Kh1 Rf4 31. axb7 Rxh4+ 32. Kg2 Rh2+ 33. Kxf3 Qf6+ 34.
Ke2 Rf8 35. Kd1 Bg4+ 36. Kc1 Qg5+ 37. f4 exf4 38. Qa3 f3+ 39. Kb2 Qe5+ 40. Ka2
1-0

[Event "Istanbul ol (Men) 40th"]
[Site "Istanbul"]
[Date "2012.09.07"]
[Round "10.2"]
[White "Juarez Flores, Carlos Armando"]
[Black "Cubas, Jose Fernando"]
[Result "0-1"]
[WhiteElo "2349"]
[BlackElo "2507"]
[PlyCount "60"]
[EventDate "2012.08.28"]
[EventType "team-swiss"]
[EventRounds "11"]
[EventCountry "TUR"]
[SourceTitle "CBM 151"]
[Source "ChessBase"]
[SourceDate "2012.11.13"]
[SourceVersion "1"]
[SourceVersionDate "2012.11.13"]
[SourceQuality "1"]
[WhiteTeam "Guatemala"]
[BlackTeam "Paraguay"]
[WhiteTeamCountry "GUA"]
[BlackTeamCountry "PAR"]

1. e4 e6 2. d4 d5 3. Nd2 c5 4. exd5 Qxd5 5. Ngf3 cxd4 6. Bc4 Qd6 7. O-O Nf6 8.
Nb3 Nc6 9. Nbxd4 Nxd4 10. Nxd4 Bd7 11. c3 Qc7 12. Qe2 a6 13. Bg5 O-O-O 14. Bh4
Bd6 15. Bg3 Bxg3 16. fxg3 h5 17. Bb3 h4 18. g4 h3 19. g3 e5 20. Nf5 Kb8 21.
Rae1 Qc5+ 22. Qe3 Qc6 23. Qf3 Qxf3 24. Rxf3 Bc6 25. Rff1 Bg2 26. Ne3 Bxf1 27.
Rxf1 Rd3 28. Re1 Rhd8 29. g5 Ne4 30. Nc4 Nxg5 0-1

[Event "Sao Jose dos Campos op"]
[Site "Sao Jose dos Campos"]
[Date "2012.??.??"]
[Round "1"]
[White "Cubas, Jose Fernando"]
[Black "Hara, Aroldo Hiroiuqui"]
[Result "1-0"]
[WhiteElo "2528"]
[BlackElo "1930"]
[PlyCount "67"]
[EventDate "2012.11.29"]
[EventType "swiss"]
[EventRounds "7"]
[EventCountry "BRA"]
[SourceTitle "EXT 2014"]
[Source "ChessBase"]
[SourceDate "2013.11.20"]
[SourceVersion "1"]
[SourceVersionDate "2013.11.20"]
[SourceQuality "1"]

1. e4 b6 2. d4 Bb7 3. Bd3 e6 4. Nf3 Nf6 5. Qe2 Be7 6. e5 Nd5 7. a3 c5 8. c4 Nc7
9. Nc3 a6 10. dxc5 bxc5 11. Ne4 d5 12. exd6 Bxd6 13. Bg5 Be7 14. Rd1 Bxg5 15.
Nexg5 Qe7 16. Bc2 Nc6 17. O-O Rb8 18. Qe3 f5 19. Bxf5 exf5 20. Rfe1 Qxe3 21.
Rxe3+ Kf8 22. Rd7 h6 23. Rf7+ Kg8 24. Rxc7 hxg5 25. Nxg5 Rd8 26. f4 Ba8 27. Ne6
Rd1+ 28. Kf2 Rxh2 29. Rxg7+ Kh8 30. Reg3 Ne7 31. Rxe7 Rd2+ 32. Ke3 Rdxg2 33.
Rxg2 Bxg2 34. Nxc5 1-0

[Event "Sao Jose dos Campos op"]
[Site "Sao Jose dos Campos"]
[Date "2012.11.30"]
[Round "2"]
[White "Starke, Bruno Orlando"]
[Black "Cubas, Jose Fernando"]
[Result "0-1"]
[WhiteElo "2096"]
[BlackElo "2528"]
[PlyCount "76"]
[EventDate "2012.11.29"]
[EventType "swiss"]
[EventRounds "7"]
[EventCountry "BRA"]
[SourceTitle "EXT 2014"]
[Source "ChessBase"]
[SourceDate "2013.11.20"]
[SourceVersion "1"]
[SourceVersionDate "2013.11.20"]
[SourceQuality "1"]

1. Nf3 Nf6 2. c4 e6 3. Nc3 c5 4. g3 Nc6 5. Bg2 d5 6. cxd5 exd5 7. d4 Be7 8. O-O
O-O 9. Be3 Bg4 10. Ne5 Nxe5 11. dxe5 d4 12. exf6 Bxf6 13. Bxd4 cxd4 14. Nd5 Re8
15. Re1 Be5 16. Qd2 g6 17. h3 Bxh3 18. Bxh3 Qxd5 19. Bg2 Qd7 20. e3 Rad8 21.
Rad1 Bf6 22. exd4 Rxe1+ 23. Rxe1 Bxd4 24. Qb4 Qg4 25. Re4 Qd1+ 26. Qe1 Bxb2 27.
Qxd1 Rxd1+ 28. Kh2 Rd2 29. Re8+ Kg7 30. Bxb7 Rxf2+ 31. Kh3 h5 32. Bd5 Rd2 33.
Bc4 g5 34. g4 hxg4+ 35. Kg3 f5 36. Rg8+ Kh7 37. Re8 Ba3 38. Bg8+ Kg7 0-1

[Event "Sao Jose dos Campos op"]
[Site "Sao Jose dos Campos"]
[Date "2012.11.30"]
[Round "3"]
[White "Cubas, Jose Fernando"]
[Black "Blit, Jacques"]
[Result "1-0"]
[WhiteElo "2528"]
[BlackElo "2301"]
[PlyCount "123"]
[EventDate "2012.11.29"]
[EventType "swiss"]
[EventRounds "7"]
[EventCountry "BRA"]
[SourceTitle "EXT 2014"]
[Source "ChessBase"]
[SourceDate "2013.11.20"]
[SourceVersion "1"]
[SourceVersionDate "2013.11.20"]
[SourceQuality "1"]

1. e4 c5 2. Nf3 Nc6 3. d4 cxd4 4. Nxd4 g6 5. Nc3 Bg7 6. Nb3 Nf6 7. Be2 O-O 8.
O-O a5 9. a4 d6 10. Be3 Nb4 11. f4 Bd7 12. Bf3 Bc6 13. Nd4 Nd7 14. Rb1 Nb6 15.
b3 Rc8 16. Nce2 Be8 17. c3 Na6 18. c4 Nd7 19. Qd2 Ndc5 20. f5 Nb4 21. Bh6 Nc6
22. Bxg7 Kxg7 23. fxg6 fxg6 24. Bg4 Bd7 25. Rxf8 Kxf8 26. Nxc6 bxc6 27. Bxd7
Qxd7 28. e5 dxe5 29. Qxa5 Nd3 30. h3 Kg8 31. Qd2 Qa7+ 32. Kh2 Rd8 33. Qg5 Qf2
34. Qxe7 Rf8 35. Qe6+ Kh8 36. Qg4 Qe3 37. Ng3 Nf2 38. Qe2 Qf4 39. Re1 Rf5 40.
a5 Rh5 41. Qf3 Ng4+ 42. Kg1 Qd4+ 43. Re3 Qa1+ 44. Qf1 Qxf1+ 45. Nxf1 Nxe3 46.
Nxe3 e4 47. b4 Re5 48. a6 Re8 49. b5 Ra8 50. Ng4 Kg7 51. Ne5 cxb5 52. cxb5 Kf6
53. Nd7+ Ke6 54. Nb6 Ra7 55. Nc8 Ra8 56. Nb6 Ra7 57. Kf2 Ke5 58. Ke3 g5 59. Nc8
Ra8 60. Nb6 Ra7 61. Nc8 Ra8 62. a7 1-0

[Event "Sao Jose dos Campos op"]
[Site "Sao Jose dos Campos"]
[Date "2012.12.01"]
[Round "4"]
[White "Santiago, Yago de Moura"]
[Black "Cubas, Jose Fernando"]
[Result "1-0"]
[WhiteElo "2363"]
[BlackElo "2528"]
[PlyCount "65"]
[EventDate "2012.11.29"]
[EventType "swiss"]
[EventRounds "7"]
[EventCountry "BRA"]
[SourceTitle "EXT 2014"]
[Source "ChessBase"]
[SourceDate "2013.11.20"]
[SourceVersion "1"]
[SourceVersionDate "2013.11.20"]
[SourceQuality "1"]

1. e4 e6 2. d4 d5 3. Nc3 Nf6 4. e5 Nfd7 5. f4 c5 6. Nf3 Nc6 7. Be3 Rb8 8. Qd2
c4 9. f5 Be7 10. fxe6 fxe6 11. Ne2 b5 12. Nf4 Nb6 13. h4 b4 14. b3 Qc7 15. g3
a5 16. Bh3 Nd8 17. O-O O-O 18. h5 Qc6 19. Qh2 Nf7 20. Bg4 Nh6 21. Qh3 Nxg4 22.
Qxg4 Rb7 23. h6 Bd8 24. Nh5 g6 25. Nh4 Bxh4 26. Rxf8+ Kxf8 27. Rf1+ Rf7 28.
Rxf7+ Kxf7 29. Qxh4 Nd7 30. Qf4+ Ke7 31. Nf6 cxb3 32. Qg5 Kf7 33. Ng8 1-0

[Event "Sao Jose dos Campos op"]
[Site "Sao Jose dos Campos"]
[Date "2012.12.01"]
[Round "5"]
[White "Cubas, Jose Fernando"]
[Black "Goncalves, Ivan Mesquita V"]
[Result "1-0"]
[WhiteElo "2528"]
[BlackElo "2133"]
[PlyCount "79"]
[EventDate "2012.11.29"]
[EventType "swiss"]
[EventRounds "7"]
[EventCountry "BRA"]
[SourceTitle "EXT 2014"]
[Source "ChessBase"]
[SourceDate "2013.11.20"]
[SourceVersion "1"]
[SourceVersionDate "2013.11.20"]
[SourceQuality "1"]

1. e4 c5 2. Nf3 e6 3. d4 cxd4 4. Nxd4 Nc6 5. Nc3 Qc7 6. Be3 Nf6 7. Bd3 Nxd4 8.
Bxd4 Bc5 9. Be2 Qb6 10. Bxc5 Qxc5 11. Qd2 O-O 12. O-O-O b5 13. Qd4 Qg5+ 14. Kb1
Bb7 15. e5 Nd5 16. Ne4 Qe7 17. Nd6 Bc6 18. Bxb5 Bxb5 19. Nxb5 Rab8 20. c4 a6
21. Nd6 Nb4 22. f4 f6 23. exf6 gxf6 24. Rhe1 Qg7 25. Re3 Nc6 26. Qc3 Kh8 27.
Rg3 Qe7 28. Re3 Qg7 29. Rg3 Qe7 30. a3 a5 31. Rgd3 a4 32. Qc2 Ra8 33. Nc8 Qg7
34. Rxd7 Rf7 35. Rxf7 Qxf7 36. Nb6 Rb8 37. Rd7 Qh5 38. g4 Qh4 39. c5 e5 40. Qe4
1-0

[Event "Sao Jose dos Campos op"]
[Site "Sao Jose dos Campos"]
[Date "2012.12.02"]
[Round "6"]
[White "Abdalla, Luiz Guilherme"]
[Black "Cubas, Jose Fernando"]
[Result "0-1"]
[WhiteElo "2319"]
[BlackElo "2528"]
[PlyCount "68"]
[EventDate "2012.11.29"]
[EventType "swiss"]
[EventRounds "7"]
[EventCountry "BRA"]
[SourceTitle "EXT 2014"]
[Source "ChessBase"]
[SourceDate "2013.11.20"]
[SourceVersion "1"]
[SourceVersionDate "2013.11.20"]
[SourceQuality "1"]

1. d4 Nf6 2. c4 e6 3. Nc3 c5 4. d5 exd5 5. cxd5 g6 6. Nf3 d6 7. g3 Bg7 8. Bg2
O-O 9. O-O Re8 10. Nd2 b6 11. Nc4 Ba6 12. Qb3 Bxc4 13. Qxc4 a6 14. Ne4 Nxe4 15.
Bxe4 Nd7 16. Qc2 Qe7 17. Bf3 Ne5 18. Bg2 b5 19. Rb1 c4 20. Bf4 Rac8 21. Rfe1 b4
22. Qa4 Qb7 23. a3 b3 24. Bd2 Nd7 25. Bb4 Be5 26. Bh3 f5 27. e4 a5 28. exf5
axb4 29. fxg6 Nc5 30. Bxc8 Rxc8 31. Qxb4 Qxb4 32. axb4 Nd3 33. gxh7+ Kxh7 34.
Rxe5 dxe5 0-1

[Event "Sao Jose dos Campos op"]
[Site "Sao Jose dos Campos"]
[Date "2012.12.02"]
[Round "7"]
[White "Cubas, Jose Fernando"]
[Black "Barbosa, Evandro Amorim"]
[Result "1-0"]
[WhiteElo "2528"]
[BlackElo "2407"]
[PlyCount "77"]
[EventDate "2012.11.29"]
[EventType "swiss"]
[EventRounds "7"]
[EventCountry "BRA"]
[SourceTitle "EXT 2014"]
[Source "ChessBase"]
[SourceDate "2013.11.20"]
[SourceVersion "1"]
[SourceVersionDate "2013.11.20"]
[SourceQuality "1"]

1. e4 c5 2. Nc3 Nc6 3. g3 g6 4. Bg2 Bg7 5. d3 d6 6. f4 e6 7. Nf3 Nge7 8. O-O
O-O 9. Be3 b6 10. Bf2 d5 11. exd5 exd5 12. d4 Ba6 13. Re1 cxd4 14. Nxd4 Rc8 15.
Nxc6 Nxc6 16. Qxd5 Qxd5 17. Bxd5 Nb4 18. Bb3 Bc4 19. Re7 Bxb3 20. cxb3 Nd3 21.
Rxa7 Nxf2 22. Kxf2 Bd4+ 23. Kf1 Bxc3 24. bxc3 Rxc3 25. Re1 Rd8 26. Re2 h5 27.
Kg2 Rd6 28. Kh3 Kg7 29. Rb7 Rf6 30. Kh4 Rd3 31. Rb8 Rfd6 32. h3 R3d4 33. Ree8
Kh6 34. Rh8+ Kg7 35. Rhg8+ Kh6 36. g4 hxg4 37. hxg4 Rxf4 38. Rh8+ Kg7 39. Kg5
1-0

[Event "Mario Covas 11th"]
[Site "Santos"]
[Date "2012.12.10"]
[Round "1"]
[White "Cubas, Jose Fernando"]
[Black "Della Morte, German"]
[Result "0-1"]
[WhiteElo "2528"]
[BlackElo "2325"]
[PlyCount "66"]
[EventDate "2012.12.10"]
[EventType "tourn"]
[EventRounds "9"]
[EventCountry "BRA"]
[EventCategory "7"]
[SourceTitle "CBM 152 Extra"]
[Source "ChessBase"]
[SourceDate "2013.02.25"]
[SourceVersion "1"]
[SourceVersionDate "2013.02.25"]
[SourceQuality "1"]

1. e4 e5 2. Nf3 Nc6 3. Bc4 Nf6 4. d3 Bc5 5. c3 d6 6. O-O Bb6 7. Bb3 O-O 8. Nbd2
Ne7 9. Nc4 Ng6 10. h3 h6 11. Re1 Re8 12. a4 c6 13. Nxb6 axb6 14. Be3 d5 15.
exd5 cxd5 16. d4 e4 17. Ne5 Nh4 18. Bf4 Be6 19. Bc2 Qc8 20. Bg3 Nf5 21. Bh2 Nh4
22. Bg3 Nf5 23. Bh2 Nh4 24. Kh1 Bxh3 25. gxh3 Rxe5 26. dxe5 Qxh3 27. Rg1 Nf3
28. Rg2 Ng4 29. Qe2 Ngxh2 30. Rg3 Qh5 31. Rag1 Nf1+ 32. Kg2 Nxg3 33. Qxe4 Nxe4
0-1

[Event "Mario Covas 11th"]
[Site "Santos"]
[Date "2012.12.11"]
[Round "2"]
[White "El Debs, Felipe de Cresce"]
[Black "Cubas, Jose Fernando"]
[Result "1/2-1/2"]
[WhiteElo "2513"]
[BlackElo "2528"]
[PlyCount "89"]
[EventDate "2012.12.10"]
[EventType "tourn"]
[EventRounds "9"]
[EventCountry "BRA"]
[EventCategory "7"]
[SourceTitle "CBM 152 Extra"]
[Source "ChessBase"]
[SourceDate "2013.02.25"]
[SourceVersion "1"]
[SourceVersionDate "2013.02.25"]
[SourceQuality "1"]

1. d4 d5 2. c4 c6 3. Nf3 Nf6 4. Qb3 dxc4 5. Qxc4 Bg4 6. Nbd2 Nbd7 7. g3 e6 8.
Bg2 Be7 9. O-O Bh5 10. Qb3 Qb6 11. Nc4 Qa6 12. Bf4 O-O 13. Rfe1 b5 14. Nce5
Rac8 15. a4 b4 16. Qc4 Qxc4 17. Nxc4 c5 18. Nd6 Bxd6 19. Bxd6 Rfd8 20. Rac1 Ne4
21. Be7 Re8 22. Bxc5 Nexc5 23. dxc5 Rxc5 24. Nd4 Rec8 25. Nc6 Rxc1 26. Rxc1 Kf8
27. Kf1 Ne5 28. Ke1 f6 29. Kd2 Nxc6 30. Rxc6 Rxc6 31. Bxc6 Ke7 32. Kd3 Kd6 33.
Be4 f5 34. Bb7 a5 35. Ba6 Be8 36. b3 e5 37. f4 Kc5 38. fxe5 Bf7 39. Bc4 Bxc4+
40. bxc4 g5 41. e3 g4 42. Kc2 Kc6 43. Kd2 Kc5 44. Kd3 h6 45. Kc2 1/2-1/2

[Event "Mario Covas 11th"]
[Site "Santos"]
[Date "2012.12.12"]
[Round "4"]
[White "Terao, Rodrigo Akira"]
[Black "Cubas, Jose Fernando"]
[Result "0-1"]
[WhiteElo "2403"]
[BlackElo "2528"]
[PlyCount "120"]
[EventDate "2012.12.10"]
[EventType "tourn"]
[EventRounds "9"]
[EventCountry "BRA"]
[EventCategory "7"]
[SourceTitle "CBM 152 Extra"]
[Source "ChessBase"]
[SourceDate "2013.02.25"]
[SourceVersion "1"]
[SourceVersionDate "2013.02.25"]
[SourceQuality "1"]

1. e4 e6 2. d4 d5 3. exd5 exd5 4. Bd3 Nc6 5. c3 Bd6 6. Qf3 Nce7 7. Ne2 h5 8. h3
Bg4 9. Qe3 Bxe2 10. Qxe2 Qd7 11. Qf3 O-O-O 12. Na3 c6 13. O-O f6 14. Bf4 Bxf4
15. Qxf4 g5 16. Qe3 Nf5 17. Bxf5 Qxf5 18. Rfe1 Rh7 19. b4 Re7 20. Qd2 g4 21. h4
Rde8 22. b5 Rxe1+ 23. Rxe1 Rxe1+ 24. Qxe1 Kd7 25. bxc6+ bxc6 26. c4 g3 27. fxg3
Qd3 28. Qb4 Qxd4+ 29. Kh2 Nh6 30. Qb7+ Kd6 31. Qb8+ Ke7 32. Qc7+ Kf8 33. Qd8+
Kg7 34. Qd7+ Nf7 35. Nc2 Qd2 36. cxd5 cxd5 37. Qc7 Kg6 38. Qc8 Ne5 39. Qe8+ Kf5
40. Qxh5+ Ke4 41. g4 Qf4+ 42. Kh3 Kd3 43. Ne1+ Ke2 44. Nc2 Kd2 45. Na1 Qe3+ 46.
Kh2 Qf4+ 47. Kh3 d4 48. Nb3+ Ke3 49. Qf5 Qxf5 50. gxf5 d3 51. g4 Nd7 52. g5
fxg5 53. hxg5 a5 54. f6 a4 55. Nc5 Nxc5 56. f7 Ne6 57. Kg4 d2 58. Kf5 Nf8 59.
g6 d1=Q 60. g7 Qf3+ 0-1

[Event "Mario Covas 11th"]
[Site "Santos"]
[Date "2012.12.13"]
[Round "5"]
[White "Cubas, Jose Fernando"]
[Black "Sega, Carlos Alberto"]
[Result "1-0"]
[WhiteElo "2528"]
[BlackElo "2252"]
[PlyCount "131"]
[EventDate "2012.12.10"]
[EventType "tourn"]
[EventRounds "9"]
[EventCountry "BRA"]
[EventCategory "7"]
[SourceTitle "CBM 152 Extra"]
[Source "ChessBase"]
[SourceDate "2013.02.25"]
[SourceVersion "1"]
[SourceVersionDate "2013.02.25"]
[SourceQuality "1"]

1. e4 e5 2. Nf3 Nc6 3. d4 exd4 4. Nxd4 Bc5 5. Be3 Qf6 6. c3 Nge7 7. Nc2 Bxe3 8.
Nxe3 Qe5 9. Qf3 f5 10. exf5 d5 11. Bd3 d4 12. cxd4 Nxd4 13. Qg3 Qxg3 14. hxg3
Ndxf5 15. Nc2 Nd6 16. Nc3 Bf5 17. Bxf5 Nexf5 18. g4 Ne7 19. f4 O-O-O 20. O-O-O
h6 21. Rde1 Rhe8 22. Nd4 Ng6 23. Ne6 Rxe6 24. Rxe6 Nxf4 25. Re7 Rd7 26. Re3
Nxg2 27. Rf3 Re7 28. Rh2 Ne3 29. Re2 Nd5 30. Rxe7 Nxe7 31. Ne2 Nd5 32. Ng3 Nf6
33. Nf5 Nxf5 34. gxf5 Kd7 35. Rg3 Ne8 36. Kd2 Ke7 37. Ke3 Kf6 38. Kf4 Nd6 39.
Rg6+ Kf7 40. b3 Nc8 41. Rg3 Ne7 42. Rd3 Kf6 43. Rd8 g5+ 44. fxg6 Nxg6+ 45. Ke4
Ke6 46. Ra8 Kd7 47. Rxa7 Kc6 48. Ra5 Kb6 49. Rh5 c6 50. Rxh6 Ne7 51. Rh5 Nc8
52. a4 Ne7 53. Kd4 Nd5 54. Re5 Nf6 55. b4 Nd7 56. Rf5 Kc7 57. Rh5 Kd6 58. Rh6+
Kc7 59. a5 Kb8 60. Ke4 Ka7 61. Kf5 Nb8 62. Ke6 b6 63. Kd6 bxa5 64. bxa5 Kb7 65.
Rh7+ Ka6 66. Kc5 1-0

[Event "Mario Covas 11th"]
[Site "Santos"]
[Date "2012.12.14"]
[Round "6"]
[White "Barbosa, Evandro Amorim"]
[Black "Cubas, Jose Fernando"]
[Result "0-1"]
[WhiteElo "2413"]
[BlackElo "2528"]
[PlyCount "96"]
[EventDate "2012.12.10"]
[EventType "tourn"]
[EventRounds "9"]
[EventCountry "BRA"]
[EventCategory "7"]
[SourceTitle "CBM 152 Extra"]
[Source "ChessBase"]
[SourceDate "2013.02.25"]
[SourceVersion "1"]
[SourceVersionDate "2013.02.25"]
[SourceQuality "1"]

1. e4 e6 2. d4 d5 3. Nc3 Nf6 4. e5 Nfd7 5. f4 c5 6. Nf3 Nc6 7. Be3 Qb6 8. Na4
Qa5+ 9. c3 cxd4 10. b4 Nxb4 11. cxb4 Bxb4+ 12. Bd2 Bxd2+ 13. Nxd2 b6 14. Bd3
Ba6 15. Nb2 Nc5 16. Bxa6 Qxa6 17. Qe2 d3 18. Qe3 Qa3 19. Nd1 Na6 20. O-O Rc8
21. Nb3 Nb4 22. Nd4 Qa4 23. Nb2 Qa3 24. Rf2 O-O 25. Raf1 Qc3 26. f5 Nc2 27.
Nxc2 dxc2 28. Nd3 exf5 29. Rxf5 Qa3 30. R5f3 d4 31. Qxd4 Rfd8 32. Qg4 Qxa2 33.
Nc1 Qe6 34. Qf4 Rd1 35. h3 h6 36. Kh2 a5 37. R1f2 Re1 38. Rg3 Kh8 39. Re2 Rxe2
40. Nxe2 Qc4 41. Qf5 b5 42. Rc3 Qxc3 43. Nxc3 Rxc3 44. Qxf7 Rc8 45. e6 c1=Q 46.
e7 Qc6 47. Qf8+ Kh7 48. Qf5+ Kg8 0-1

[Event "Mario Covas 11th"]
[Site "Santos"]
[Date "2012.12.14"]
[Round "7"]
[White "Cubas, Jose Fernando"]
[Black "Barreto Filho, Carlos Alberto"]
[Result "1/2-1/2"]
[WhiteElo "2528"]
[BlackElo "2258"]
[PlyCount "120"]
[EventDate "2012.12.10"]
[EventType "tourn"]
[EventRounds "9"]
[EventCountry "BRA"]
[EventCategory "7"]
[SourceTitle "CBM 152 Extra"]
[Source "ChessBase"]
[SourceDate "2013.02.25"]
[SourceVersion "1"]
[SourceVersionDate "2013.02.25"]
[SourceQuality "1"]

1. e4 c5 2. Nf3 d6 3. d4 cxd4 4. Nxd4 Nf6 5. Nc3 Nc6 6. f3 e5 7. Nb3 Be7 8. Be3
O-O 9. Qd2 a5 10. Bb5 Na7 11. Be2 Be6 12. Rd1 Nc8 13. Qc1 Qc7 14. Nb5 Qc6 15.
c4 a4 16. Na1 Nd7 17. Nc2 Bxc4 18. Ncd4 exd4 19. Nxd4 Qa6 20. Bxc4 Qa5+ 21. Qd2
Qh5 22. O-O Ncb6 23. Be2 Bf6 24. Nb5 d5 25. f4 Qh4 26. exd5 g6 27. Rf3 Bg7 28.
Bd4 Bxd4+ 29. Qxd4 Rae8 30. Bf1 Qe7 31. d6 Qf6 32. Nc7 Qxd4+ 33. Rxd4 Re1 34.
Kf2 Rc1 35. Rc3 Rxc3 36. bxc3 Nc5 37. Rb4 Nc8 38. d7 Nxd7 39. Rxb7 Nd6 40. Rb4
Rc8 41. Nd5 Rc5 42. c4 Ra5 43. Nc3 Nc5 44. Rb8+ Kg7 45. Nb5 Nde4+ 46. Ke3 a3
47. Kd4 f5 48. Rc8 Nb3+ 49. Ke3 Nc1 50. Rc7+ Kf8 51. Ra7 Rxa7 52. Nxa7 Nxa2 53.
Nb5 Nb4 54. Nxa3 Ke7 55. Kd4 Nc6+ 56. Ke3 Kd6 57. Bd3 Nf6 58. Nb5+ Ke7 59. h3
Na5 60. Na3 Kd6 1/2-1/2

[Event "Mario Covas 11th"]
[Site "Santos"]
[Date "2012.12.15"]
[Round "8"]
[White "Cubas, Jose Fernando"]
[Black "Blit, Jacques"]
[Result "1/2-1/2"]
[WhiteElo "2528"]
[BlackElo "2301"]
[PlyCount "111"]
[EventDate "2012.12.10"]
[EventType "tourn"]
[EventRounds "9"]
[EventCountry "BRA"]
[EventCategory "7"]
[SourceTitle "CBM 152 Extra"]
[Source "ChessBase"]
[SourceDate "2013.02.25"]
[SourceVersion "1"]
[SourceVersionDate "2013.02.25"]
[SourceQuality "1"]

1. e4 c5 2. Nc3 Nc6 3. g3 g6 4. Bg2 Bg7 5. d3 d6 6. f4 e6 7. Nf3 Nge7 8. O-O
O-O 9. Be3 Nd4 10. e5 Nef5 11. Bf2 Nxf3+ 12. Qxf3 Nd4 13. Qd1 dxe5 14. fxe5
Bxe5 15. Ne4 Nf5 16. c3 Bd7 17. Nxc5 Bc6 18. Bxc6 bxc6 19. Qf3 Qd5 20. Ne4 Bg7
21. Bc5 Rfd8 22. d4 Rd7 23. Rf2 Nh6 24. b3 f5 25. Ng5 e5 26. Qxd5+ cxd5 27.
dxe5 Bxe5 28. Rc1 Rc8 29. b4 Bf6 30. Nf3 Nf7 31. c4 dxc4 32. Rxc4 Rd1+ 33. Rf1
Rxf1+ 34. Kxf1 Nd6 35. Rc1 Ne4 36. Be3 Rxc1+ 37. Bxc1 Nc3 38. a3 a6 39. Ke1 Na2
40. Bd2 Bb2 41. a4 Nc3 42. b5 axb5 43. a5 Nd5 44. a6 Nc7 45. a7 Na8 46. Be3 Bf6
47. Kd2 Kf7 48. Bd4 Be7 49. Kc3 Ke6 50. Ne5 Kd5 51. Nd7 Kc6 52. Nf6 Bxf6 53.
Bxf6 Kb7 54. Kb4 Kxa7 55. Kxb5 Kb7 56. Kc5 1/2-1/2

[Event "Mario Covas 11th"]
[Site "Santos"]
[Date "2012.12.16"]
[Round "9"]
[White "Milos, Gilberto"]
[Black "Cubas, Jose Fernando"]
[Result "0-1"]
[WhiteElo "2586"]
[BlackElo "2528"]
[PlyCount "103"]
[EventDate "2012.12.10"]
[EventType "tourn"]
[EventRounds "9"]
[EventCountry "BRA"]
[EventCategory "7"]
[SourceTitle "CBM 152 Extra"]
[Source "ChessBase"]
[SourceDate "2013.02.25"]
[SourceVersion "1"]
[SourceVersionDate "2013.02.25"]
[SourceQuality "1"]

1. c4 e5 2. g3 Nf6 3. Bg2 d5 4. cxd5 Nxd5 5. Nf3 Nc6 6. O-O Nb6 7. d3 Be7 8. a3
a5 9. Nbd2 O-O 10. b3 Be6 11. Bb2 f6 12. Qc2 Qd7 13. Rfd1 Rfd8 14. Rac1 Qe8 15.
Qb1 Qf8 16. Qa1 Qf7 17. d4 e4 18. Nxe4 Bxb3 19. Re1 Na4 20. Ned2 Nxb2 21. Qxb2
a4 22. e4 Na5 23. d5 Qf8 24. Nxb3 Bxa3 25. Qe2 axb3 26. Rxc7 Qd6 27. Rc3 Bb4
28. Rcc1 Bxe1 29. Rxe1 Qb4 30. e5 fxe5 31. Nxe5 Re8 32. f4 Nc4 33. d6 Nxe5 34.
fxe5 b2 35. d7 b1=Q 36. Bd5+ Kh8 37. dxe8=R+ Rxe8 38. Rxb1 Qxb1+ 39. Kg2 Qf5
40. Bb3 Rxe5 41. Qf2 Qxf2+ 42. Kxf2 Rb5 43. Be6 Rb2+ 44. Kf1 g5 45. Bf5 Kg7 46.
g4 Kf6 47. Kg1 Ke5 48. Bxh7 Kd4 49. Bf5 Ke3 50. Bc8 Rc2 51. Bxb7 Rc4 52. Kg2
0-1

[Event "Prague op-A 12th"]
[Site "Prague"]
[Date "2013.01.10"]
[Round "2"]
[White "Pospisil, Evzen"]
[Black "Cubas Pons, Juan Miguel"]
[Result "0-1"]
[WhiteElo "2106"]
[BlackElo "2314"]
[PlyCount "74"]
[EventDate "2013.01.09"]
[EventType "swiss"]
[EventRounds "9"]
[EventCountry "CZE"]
[SourceTitle "CBM 152 Extra"]
[Source "ChessBase"]
[SourceDate "2013.02.25"]
[SourceVersion "1"]
[SourceVersionDate "2013.02.25"]
[SourceQuality "1"]

1. d4 d5 2. c4 e6 3. Nf3 c6 4. Qc2 f5 5. g3 Nf6 6. Bg2 Bd6 7. b3 O-O 8. O-O Qe7
9. Bb2 b6 10. e3 Bb7 11. Nbd2 a5 12. Rfc1 Na6 13. a3 Rfc8 14. Ne5 c5 15. Qd3
Rd8 16. Qe2 Bxe5 17. dxe5 Ne4 18. Rd1 a4 19. bxa4 Nc7 20. Nxe4 fxe4 21. Qg4
Rxa4 22. Rac1 Qf7 23. f3 exf3 24. Bxf3 b5 25. Rf1 Qe7 26. Qh3 Rxc4 27. Rxc4
bxc4 28. Bh5 Rf8 29. Bg4 Rxf1+ 30. Qxf1 Qg5 31. Qf3 Qg6 32. Qe2 Qb1+ 33. Kg2 c3
34. Bxc3 d4+ 35. Kh3 dxc3 36. Qc4 Qb6 37. Be2 Ba6 0-1

[Event "Prague op-A 12th"]
[Site "Prague"]
[Date "2013.01.12"]
[Round "4"]
[White "Postupa, Pavel1"]
[Black "Cubas Pons, Juan Miguel"]
[Result "1-0"]
[WhiteElo "2146"]
[BlackElo "2314"]
[PlyCount "77"]
[EventDate "2013.01.09"]
[EventType "swiss"]
[EventRounds "9"]
[EventCountry "CZE"]
[SourceTitle "CBM 152 Extra"]
[Source "ChessBase"]
[SourceDate "2013.02.25"]
[SourceVersion "1"]
[SourceVersionDate "2013.02.25"]
[SourceQuality "1"]

1. e4 e6 2. d4 d5 3. e5 c5 4. c3 Qb6 5. Nf3 Nc6 6. a3 Nh6 7. b4 cxd4 8. cxd4
Nf5 9. Nc3 Bd7 10. Be3 Nxe3 11. fxe3 Nxb4 12. axb4 Bxb4 13. Qb3 Rc8 14. Rc1 Qa5
15. Kd2 O-O 16. Bd3 Rc7 17. Ng1 f6 18. exf6 Rxf6 19. Nge2 Rf2 20. Ke1 Rxg2 21.
Kf1 Rg5 22. Rg1 Rh5 23. Rg2 Bc6 24. Kg1 e5 25. Ng3 Ba4 26. Qb2 Rg5 27. Nce2
Rxc1+ 28. Nxc1 exd4 29. exd4 Bd6 30. Qe2 Qc7 31. Qe6+ Kh8 32. Rc2 Bc6 33. Nce2
Bf8 34. Rc1 Bd6 35. Rf1 Qd8 36. Qh3 h6 37. Nf4 Qe8 38. Ne6 Bd7 39. Re1 1-0